Maiden muotoja ja ensimmäinen kirjain - nopeuskisa - Statistics

Yleistilastot
  • Tätä visaa on pelattu 111 kertaa
  • Keskiarvotulos 9 / 20
Vastaustilastot
Kuvavisa Vastaus % Oikein
Irlanti
100%
Somalia
92%
Islanti
90%
Egypti
88%
Espanja
86%
Ruotsi
86%
Suomi
83%
Norway
82%
Kypros
78%
Vietnam
78%
Kroatia
73%
Yhdysvallat
73%
Chile
70%
Meksiko
70%
Saudi-Arabia
70%
Argentiina
67%
Etelä-Afrikka
67%
Panama
67%
Venäjä
67%
Marokko
64%
Papua-Uusi-Guinea
64%
Ranska
64%
Australia
60%
Yhdistynyt kuningaskunta
60%
Saksa
58%
Iran
57%
Kreikka
57%
Laos
57%
Itävalta
56%
Kiina
56%
Portugali
56%
Japani
55%
Paraguay
55%
Turkki
55%
Algeria
50%
Brasilia
50%
Intia
50%
Israel
50%
Madagaskar
50%
Nicaragua
50%
Syyria
50%
Tanska
50%
Uusi-Seelanti
50%
Kuuba
45%
Indonesia
44%
Italia
44%
Kanada
44%
Senegal
44%
Myanmar
43%
Pakistan
43%
Thaimaa
43%
Afganistan
40%
Kongon demokraattinen tasavalta
40%
Haiti
38%
Jordania
38%
Libya
36%
Malesia
36%
Serbia
36%
Alankomaat
33%
Bangladesh
33%
Kazakstan
33%
Namibia
33%
Pohjois-Korea
33%
Sri Lanka
33%
Tšad
33%
Tunisia
33%
Kamerun
31%
Monaco
30%
Taiwan
30%
Kolumbia
29%
Mosambik
25%
Viro
25%
Irak
23%
Bahama
22%
Peru
22%
Filippiinit
21%
Sveitsi
21%
Angola
20%
Kuwait
14%
Kenia
13%
Malta
13%
Yhdistyneet arabiemiirikunnat
11%
Costa Rica
9%
Tansania
9%
Etelä-Korea
8%
Venezuela
8%
Ecuador
0%
Mali
0%
Qatar
0%
Ehtoja vastaavia visoja ei löytynyt
Tulosjakauma
Jokaisen tuloksen saaneiden osuus
Persentiili vastausten määrän mukaan
Tuloshistoriasi
Et ole pelannut tätä visaa